Phase change materials for energy management and efficiency (Record no. 49630)

MARC details
000 -LEADER
fixed length control field 02470cam a2200457 4500
003 - CONTROL NUMBER IDENTIFIER
control field FlBoTFG
005 - DATE AND TIME OF LATEST TRANSACTION
control field 20260416150007.0
008 - FIXED-LENGTH DATA ELEMENTS--GENERAL INFORMATION
fixed length control field 250313s2025 xx o 0|| 0 eng d
020 ## - INTERNATIONAL STANDARD BOOK NUMBER
International Standard Book Number 9781040341131
020 ## - INTERNATIONAL STANDARD BOOK NUMBER
International Standard Book Number 1040341136
020 ## - INTERNATIONAL STANDARD BOOK NUMBER
International Standard Book Number 9781003518280
020 ## - INTERNATIONAL STANDARD BOOK NUMBER
International Standard Book Number 1003518281
020 ## - INTERNATIONAL STANDARD BOOK NUMBER
International Standard Book Number 9781040341087
020 ## - INTERNATIONAL STANDARD BOOK NUMBER
International Standard Book Number 104034108X
020 ## - INTERNATIONAL STANDARD BOOK NUMBER
Cancelled/invalid ISBN 1032854596
020 ## - INTERNATIONAL STANDARD BOOK NUMBER
Cancelled/invalid ISBN 9781032854595
072 #7 - SUBJECT CATEGORY CODE
Subject category code PHDY
Source bicssc
072 #7 - SUBJECT CATEGORY CODE
Subject category code TEC021000
Source bisacsh
072 #7 - SUBJECT CATEGORY CODE
Subject category code TGMB
Source bicssc
072 #7 - SUBJECT CATEGORY CODE
Subject category code THN
Source bicssc
072 #7 - SUBJECT CATEGORY CODE
Subject category code TGB
Source bicssc
072 #7 - SUBJECT CATEGORY CODE
Subject category code THX
Source bicssc
072 #7 - SUBJECT CATEGORY CODE
Subject category code PBW
Source bicssc
072 #7 - SUBJECT CATEGORY CODE
Subject category code SCI024000
Source bisacsh
082 04 - DEWEY DECIMAL CLASSIFICATION NUMBER
Classification number 621.042
Edition number 23/eng/20250320
100 1# - MAIN ENTRY--PERSONAL NAME
Personal name Sadrameli, Seyed Mojtaba.
245 10 - TITLE STATEMENT
Title Phase change materials for energy management and efficiency
260 ## - PUBLICATION, DISTRIBUTION, ETC. (IMPRINT)
Place of publication, distribution, etc [S.l.] :
Name of publisher, distributor, etc CRC PRESS,
Date of publication, distribution, etc 2025.
300 ## - PHYSICAL DESCRIPTION
Extent 1 online resource
520 ## - SUMMARY, ETC.
Summary, etc This book explores the prospective applications of Phase Change Materials (PCMs) in energy storage systems, thermal system temperature control, peak shifting, and energy management. It starts with definitions and a brief history of energy storage systems, followed by an exploration of different types of PCMs, encapsulation techniques, heat transfer enhancement methods, and the applications and challenges of PCMs. The book provides a comprehensive overview of PCM applications in building envelopes, free cooling, electrical appliances, lithium-ion batteries, textiles, solar panels, vehicles and logistics, and more across 14 chapters. Demonstrates various techniques for the enhancement of energy storage systems. Offers an applied approach. Discusses energy management, thermal control, peak shifting, energy conservation, and energy storage.Aimed at researchers in industrial manufacturing sectors, it can also serve as a resource for undergraduate and graduate students in energy management courses. In addition, this reference is valuable for engineers and scientists focused on energy optimization and the application of sustainable materials.
650 #0 - SUBJECT ADDED ENTRY--TOPICAL TERM
Topical term or geographic name as entry element Power resources
650 #0 - SUBJECT ADDED ENTRY--TOPICAL TERM
Topical term or geographic name as entry element Phase transformations (Statistical physics)
650 #0 - SUBJECT ADDED ENTRY--TOPICAL TERM
Topical term or geographic name as entry element Materials
856 40 - ELECTRONIC LOCATION AND ACCESS
Uniform Resource Identifier <a href="https://www.taylorfrancis.com/books/9781003518280">https://www.taylorfrancis.com/books/9781003518280</a>
856 42 - ELECTRONIC LOCATION AND ACCESS
Uniform Resource Identifier <a href="http://www.oclc.org/content/dam/oclc/forms/terms/vbrl-201703.pdf">http://www.oclc.org/content/dam/oclc/forms/terms/vbrl-201703.pdf</a>
942 ## - ADDED ENTRY ELEMENTS (KOHA)
Koha item type Electronic Books
Source of classification or shelving scheme Dewey Decimal Classification
650 #0 - SUBJECT ADDED ENTRY--TOPICAL TERM
General subdivision Management.
650 #0 - SUBJECT ADDED ENTRY--TOPICAL TERM
General subdivision Thermal properties.
856 40 - ELECTRONIC LOCATION AND ACCESS
Materials specified Taylor & Francis
856 42 - ELECTRONIC LOCATION AND ACCESS
Materials specified OCLC metadata license agreement
Holdings
Withdrawn status Lost status Source of classification or shelving scheme Damaged status Not for loan Home library Location Date of Cataloging Total Checkouts Full call number Barcode Date last seen Uniform Resource Identifier Price effective from Koha item type
    Dewey Decimal Classification     CUTN Central Library CUTN Central Library 16/04/2026   621.042 EB04898 16/04/2026 http://www.taylorfrancis.com/books/9781003518280 16/04/2026 Electronic Books